000 03618nkm0a2200613 4500
001 RU\NLR\BIBL_A\022509733
005 20260408082419.0
020 _aRU
_b45-1286 (1945, № 2)
_9Летопись изоизданий / ВКП. - Москва, 1945. - Вып. 1945, № 2. - С. 34
035 _a(NLR Aleph) 022509733
071 5 0 _d10 коп.
090 _a13392330
_c13392330
100 _a20250402d1945 u y0rusy50 ca
101 0 _arus
102 _aRU
116 _aiiycxx bi ae
135 _acrcn 024anaba
181 0 _ab4
_bxb2e
182 0 _an
200 1 _aДа здравствуют победоносные Красная армия и Военно-морской флот!
_eпочтовая карточка
203 _aИзображение
_bнеподвижное
_bдвухмерное
_bвизуальное
_cнепосредственное
210 _a[Москва]
_cВоениздат
_d[1945
_eМосква]
_g5-я литография МООМП
215 _a1 л.
_cцв. литогр.
_d10х14,6
300 _aДата издания установлена по: Летопись изобразительного искусства. 1945. № 2. № 1286
300 _aНа почтовой карточке также сведения о заказчике: По заказу Военкнижторга
300 _aЦенз. разрешение: Г 800456
300 _aВ вып. дан.: И-800 ; Зак. 629
309 _aОдносторонняя почтовая карточка
325 _aКопия доступна в Электрон. б-ке РНБ
327 0 _aФлаг Военно-воздушных сил Рабоче-крестьянской Красной армии, государственный флаг СССР и военно-морской флаг СССР
606 1 _aПочтовые открытки маркированные художественные
_yСССР
_z1941 - 1945
_92592287
_3RU\NLR\AUTH\661531868
606 1 _aФлаги и знамена
_jОткрытки
_yСССР
_92000035
_3RU\NLR\AUTH\661204165
610 1 _aОдносторонние почтовые карточки
686 1 _aЩ153(2)7-489
712 0 2 _4570
_aРабоче-Крестьянская Красная армия
_c1918-1946
_3RU\NLR\AUTH\8810133633
_9763433
712 0 1 _4570
_aСССР
_bВоенно-морской флот
_3RU\NLR\AUTH\8810144476
_9783409
712 0 2 _4650
_aВоениздат
_cМосква
_3RU\NLR\AUTH\8810147525
_9789543
712 0 2 _4610
_aМосковский областной отдел местной промышленности
_bЛитография
_c5
_92645781
_3RU\NLR\AUTH\880618206
712 0 2 _4570
_a"Военкнижторг", контора
_cМосква
_9851328
_3RU\NLR\AUTH\880592869
830 _aТехника печати - см. Летопись изоизданий. АЯ ОЭФ
852 0 0 _aNLR
_bЭ
_jО-ПК-3/1945-11
_mЭот100763
852 0 0 _aNLR
_bЭ
_jО-ПК-3/1945-11
_mЭот100764
856 0 _uhttps://vivaldi.nlr.ru/lo500003814/view
856 1 _uhttps://vivaldi.nlr.ru/lo500003814/cover
856 2 _uhttps://vivaldi.nlr.ru/lo500003814/text
942 _cVISUAL
945 _aРоссийская национальная библиотека
980 _aBV
980 _aNB
981 1 7 _a(17) Изографические материалы
_b(17) Открытки